000
00332cam a2200145ua 4500
041
_a
eng
_h
082
_a
930
_b
SAV/HI
100
_a
Savelle, Max .
245
_a
History of world civilization
260
_a
Newyork :
_b
Holt,Rinehart and winston Inc ,
_c
1957.
300
_a
; .
504
_a
942
_c
BK
999
_c
618
_d
618